في أحكام القضاء الإدارى وقف تنفيذ القرار الإداري : (Record no. 75139)
[ view plain ]
| 000 -LEADER | |
|---|---|
| fixed length control field | 01893nam a2200373 i 4500 |
| 003 - CONTROL NUMBER IDENTIFIER | |
| control field | EG-GICUC |
| 005 - DATE AND TIME OF LATEST TRANSACTION | |
| control field | 20260503124727.0 |
| 008 - FIXED-LENGTH DATA ELEMENTS--GENERAL INFORMATION | |
| fixed length control field | 260503s2006 ua ||||f |||| 00| 0bara d |
| 017 ## - COPYRIGHT OR LEGAL DEPOSIT NUMBER | |
| Copyright or legal deposit number | 2005/17942 |
| 020 ## - INTERNATIONAL STANDARD BOOK NUMBER | |
| International Standard Book Number | 977-03-1415-3 |
| 040 ## - CATALOGING SOURCE | |
| Original cataloging agency | EG-GICUC |
| Language of cataloging | ara |
| Transcribing agency | EG-GICUC |
| Modifying agency | EG-GICUC |
| Description conventions | rda |
| 041 0# - LANGUAGE CODE | |
| Language code of text/sound track or separate title | ara |
| 082 04 - DEWEY DECIMAL CLASSIFICATION NUMBER | |
| Edition number | 21 |
| Classification number | 345.661 |
| Item number | ع ب . و |
| 092 04 - LOCALLY ASSIGNED DEWEY CALL NUMBER (OCLC) | |
| Edition number | 21 |
| 099 ## - LOCAL FREE-TEXT CALL NUMBER (OCLC) | |
| Classification number | Law1 07 345.661 2006 ع ب . و 0702230 C1 |
| 100 0# - MAIN ENTRY--PERSONAL NAME | |
| Personal name | عبدالغني بسيوني عبدالله |
| Relator term | مؤلف. |
| 245 10 - TITLE STATEMENT | |
| Title | في أحكام القضاء الإدارى وقف تنفيذ القرار الإداري : |
| Remainder of title | / دراسة مقارنة لوقف تنفيذ القرارات الإدارية المطعون فيها بالالفاء أمام القضاء الإدارى من حيث مجال إعمال وقف التنفيذ وشروط الحكم بوقف التنفيذ، والحكم الصادر بوقف التنفيذ وتقدير تطبيق القضاء الإداري لوقف تنفيذ القرار الإداري، في فرنسا، ومصر ولبنان |
| Statement of responsibility, etc. | دكتور عبدالغني بسيوني عبدالله. |
| 250 ## - EDITION STATEMENT | |
| Edition statement | الطبعة الثالثة ؛ |
| Remainder of edition statement | مزيدة ومنقحة |
| 264 #1 - PRODUCTION, PUBLICATION, DISTRIBUTION, MANUFACTURE, AND COPYRIGHT NOTICE | |
| Place of production, publication, distribution, manufacture | الإسكندرية : |
| Name of producer, publisher, distributor, manufacturer | منشأة المعارف، |
| Date of production, publication, distribution, manufacture, or copyright notice | 2006. |
| 300 ## - PHYSICAL DESCRIPTION | |
| Extent | 276 ؛ صفحة |
| Dimensions | 24 سم. |
| 336 ## - CONTENT TYPE | |
| Source | rda content |
| Content type term | text |
| 337 ## - MEDIA TYPE | |
| Source | rda media |
| Media type term | Computer |
| 338 ## - CARRIER TYPE | |
| Source | rda carrier |
| Carrier type term | Online Resource |
| 490 0# - SERIES STATEMENT | |
| Series statement | الكتب القانونية |
| 504 ## - BIBLIOGRAPHY, ETC. NOTE | |
| Bibliography, etc. note | ببليوجرافية : صفحة 259-268. |
| 504 ## - BIBLIOGRAPHY, ETC. NOTE | |
| Bibliography, etc. note | يشتمل على إرجاعات ببليوجرافية. |
| 546 ## - LANGUAGE NOTE | |
| Language note | النص باللغة العربية |
| 650 14 - SUBJECT ADDED ENTRY--TOPICAL TERM | |
| Topical term or geographic name entry element | وقف تنفيذ القرارات الإدارية |
| 650 14 - SUBJECT ADDED ENTRY--TOPICAL TERM | |
| Topical term or geographic name entry element | القانون الإداري |
| 651 1# - SUBJECT ADDED ENTRY--GEOGRAPHIC NAME | |
| Source of heading or term | qrmak |
| 856 40 - ELECTRONIC LOCATION AND ACCESS | |
| Uniform Resource Identifier | <a href="https://fll.law.cu.edu.eg/fulltext/bks/B07-02230.pdf">https://fll.law.cu.edu.eg/fulltext/bks/B07-02230.pdf</a> |
| 905 ## - Cataloger and Reviser Names | |
| Cataloger Name: | Mohamed Yosri |
| 942 ## - ADDED ENTRY ELEMENTS (KOHA) | |
| Source of classification or shelving scheme | Dewey Decimal Classification |
| Koha item type | Books |
| Edition | 21 |
| Suppress in OPAC | No |
| Withdrawn status | Lost status | Source of classification or shelving scheme | Damaged status | Not for loan | Collection | Home library | Current library | Date acquired | Total checkouts | Full call number | Barcode | Date last seen | Copy number | Price effective from | Koha item type |
|---|---|---|---|---|---|---|---|---|---|---|---|---|---|---|---|
| Dewey Decimal Classification | Not for loan | القانون الإداري | جــــامعة القــاهرة | مكتبة كلية الحقوق - المبنى الرئيسي | 03.05.2026 | Law1 07 345.661 2006 ع ب . و 0702230 C1 | B07-02230 | 03.05.2026 | 1 | 03.05.2026 | Books |